[Event "14th Capablanca Memorial"]
[Site "Cienfuegos CUB"]
[Date "1977.05.26"]
[Round "8"]
[White "Garcia Gonzales, Guillermo"]
[Black "Menvielle Laccourreye, Augusto"]
[Result "1-0"]
[WhiteElo "2485"]
[BlackElo "2340"]
[EventDate "1977.05.18"]
[PlyCount "45"]

1.Nf3 Nf6 2.c4 c5 3.Nc3 e6 4.d4 cxd4 5.Nxd4 a6 6.g3 Qc7 7.Bg5 Bb4 8.Bxf6 
gxf6 9.Rc1 Nc6 10.Bg2 Qe5 11.Nxc6 bxc6 12.O-O O-O 13.f4 Qe3+ 14.Kh1 f5 15.
a3 Be7 16.Rf3 Qa7 17.e4 fxe4 18.Nxe4 d5 19.cxd5 cxd5 20.Rfc3 Bb7 21.Rc7 
Rae8 22.Rxe7 Rxe7 23.Nf6+ 1-0

[Event "14th Capablanca Memorial"]
[Site "Cienfuegos CUB"]
[Date "1977.05.26"]
[Round "8"]
[White "Ermenkov, Evgeny"]
[Black "Rodriguez Cespedes, Amador"]
[Result "1/2-1/2"]
[WhiteElo "2445"]
[BlackElo "2395"]
[EventDate "1977.05.18"]
[PlyCount "54"]

1.d4 Nf6 2.Nf3 g6 3.Bf4 Bg7 4.e3 d6 5.h3 O-O 6.Be2 Nbd7 7.O-O c6 8.c4 a6 
9.Nc3 b5 10.Bh2 Bb7 11.b3 Qe8 12.Qc2 e5 13.dxe5 dxe5 14.a3 Qe7 15.Rfd1 
Rfd8 16.b4 Ne8 17.c5 f5 18.Qb3+ Kh8 19.Ra2 Nf8 20.Rad2 Rxd2 21.Rxd2 Bc8 
22.Qb1 a5 23.Bd1 a4 24.Bc2 Bf6 25.Qd1 Qg7 26.Bb1 Ne6 27.Ne2 Ra7 1/2-1/2

[Event "14th Capablanca Memorial"]
[Site "Cienfuegos CUB"]
[Date "1977.05.26"]
[Round "8"]
[White "Cobo Arteaga, Eldis"]
[Black "Romanishin, Oleg"]
[Result "0-1"]
[WhiteElo "2390"]
[BlackElo "2595"]
[EventDate "1977.05.18"]
[PlyCount "34"]

1.c4 Nf6 2.Nf3 e6 3.g3 a6 4.Bg2 b5 5.b3 Bb7 6.O-O c5 7.d3 Be7 8.Bb2 O-O 9.
a3 d6 10.e3 Qb6 11.Qc2 Nc6 12.Nbd2 Rac8 13.Rfb1 Qa7 14.Qd1 Qa8 15.Qe2 b4 
16.Ne1 Nd7 17.f4 bxa3 {jugadas despues} 0-1

[Event "14th Capablanca Memorial"]
[Site "Cienfuegos CUB"]
[Date "1977.05.26"]
[Round "8"]
[White "Antoshin, Vladimir"]
[Black "Andersson, Ulf"]
[Result "1/2-1/2"]
[WhiteElo "2475"]
[BlackElo "2565"]
[EventDate "1977.05.18"]
[PlyCount "68"]

1.d4 Nf6 2.c4 e6 3.Nf3 b6 4.a3 c5 5.d5 Ba6 6.Qc2 exd5 7.cxd5 g6 8.Nc3 Bg7 
9.Bg5 O-O 10.O-O-O d6 11.e4 Bxf1 12.Rhxf1 Nbd7 13.Rfe1 Qb8 14.Nb5 h6 15.
Bh4 Rc8 16.Nxd6 Qxd6 17.e5 Nxe5 18.Nxe5 Nh5 19.g4 Bxe5 20.gxh5 g5 21.Bg3 
Bxg3 22.hxg3 Re8 23.Qf5 Kg7 24.Re6 Rxe6 25.dxe6 Qxe6 26.Qxe6 fxe6 27.Rd7+ 
Kf6 28.Rh7 g4 29.Rxh6+ Kg5 30.Rxe6 Kxh5 31.Rf6 Kg5 32.Rf7 Kg6 33.Rf4 Kg5 
34.Rf7 Kg6 1/2-1/2

[Event "14th Capablanca Memorial"]
[Site "Cienfuegos CUB"]
[Date "1977.05.26"]
[Round "8"]
[White "Vilela de Acuna, Jose Luis"]
[Black "Fernandez Gonzalez, Juan Carlos"]
[Result "1/2-1/2"]
[WhiteElo "2405"]
[BlackElo "2420"]
[EventDate "1977.05.18"]
[PlyCount "23"]

1.c4 Nf6 2.Nc3 e6 3.Nf3 d5 4.d4 c5 5.e3 Nc6 6.cxd5 Nxd5 7.Bd3 Be7 8.O-O 
O-O 9.a3 cxd4 10.exd4 Nxc3 11.bxc3 b6 12.Qc2 1/2-1/2

[Event "14th Capablanca Memorial"]
[Site "Cienfuegos CUB"]
[Date "1977.05.26"]
[Round "8"]
[White "Valdes Castillo, Arnaldo"]
[Black "Farago, Ivan"]
[Result "1/2-1/2"]
[WhiteElo "2285"]
[BlackElo "2500"]
[EventDate "1977.05.18"]
[PlyCount "63"]

1.e4 e6 2.d4 d5 3.exd5 exd5 4.Bd3 Nc6 5.Bb5 Bd6 6.Nc3 Ne7 7.Nge2 O-O 8.Bf4
Bxf4 9.Nxf4 Qd6 10.Qd2 Bf5 11.O-O Bxc2 12.Nfxd5 Nxd5 13.Nxd5 Qxd5 14.Bxc6 
Qxc6 15.Rfc1 Rfd8 16.Qxc2 Qxc2 17.Rxc2 c6 18.Rc4 Rd5 19.Re1 Rad8 20.Re7 
Rb5 21.b3 Kf8 22.Rc7 Ke8 23.Kf1 Rd7 24.Rxd7 Kxd7 25.Ke2 Rd5 26.Ke3 Ke6 27.
Kd3 f6 28.Rc2 Kd6 29.Kc3 Kc7 30.f4 g6 31.g4 f5 32.g5 1/2-1/2

[Event "14th Capablanca Memorial"]
[Site "Cienfuegos CUB"]
[Date "1977.05.26"]
[Round "8"]
[White "Rodriguez Cordoba, Jesus"]
[Black "Dorfman, Iosif"]
[Result "0-1"]
[WhiteElo "2310"]
[BlackElo "2445"]
[EventDate "1977.05.18"]
[PlyCount "62"]

1.e4 c6 2.d4 d5 3.exd5 cxd5 4.Nf3 Nc6 5.c3 Bg4 6.Be2 e6 7.Bf4 Bd6 8.Bxd6 
Qxd6 9.O-O Bxf3 10.Bxf3 Nf6 11.Re1 O-O 12.Na3 Rab8 13.Nc2 b5 14.a3 a5 15.
Be2 b4 16.axb4 axb4 17.Bd3 bxc3 18.bxc3 Rb6 19.Re3 Rfb8 20.Rg3 g6 21.Rh3 
Rb3 22.Qc1 Rxc3 23.Qg5 Qe7 24.Bxg6 Rxh3 25.Bf5+ Kh8 26.Bxh3 Ne4 27.Qf4 Qf6
28.Qe3 Qxf2+ 29.Qxf2 Nxf2 30.Bxe6 fxe6 31.Ra6 Ne4 0-1

[Event "14th Capablanca Memorial"]
[Site "Cienfuegos CUB"]
[Date "1977.05.26"]
[Round "8"]
[White "Lechtynsky, Jiri"]
[Black "Estevez Morales, Guillermo"]
[Result "1-0"]
[WhiteElo "2375"]
[BlackElo "2360"]
[EventDate "1977.05.18"]
[PlyCount "67"]

1.e4 c5 2.Nf3 d6 3.Bb5+ Nd7 4.d4 Nf6 5.Nc3 a6 6.Bxd7+ Nxd7 7.Bg5 h6 8.Bh4 
g5 9.Bg3 Bg7 10.h3 cxd4 11.Nxd4 Ne5 12.O-O e6 13.Kh1 Bd7 14.f4 gxf4 15.
Bxf4 Qb6 16.Be3 Qxb2 17.Nde2 Qa3 18.Rb1 b5 19.Rb3 Qa5 20.Qxd6 Nc4 21.Qg3 
Be5 22.Bf4 Qc7 23.a4 Bxf4 24.Rxf4 Qe5 25.axb5 axb5 26.Rf2 Qxg3 27.Nxg3 Ke7
28.Nxb5 Rhc8 29.Nd4 Rcb8 30.Rc3 Ne5 31.Nf3 Nc6 32.Rd2 Be8 33.Nh5 Ra4 34.e5
1-0

[Event "14th Capablanca Memorial"]
[Site "Cienfuegos CUB"]
[Date "1977.05.26"]
[Round "8"]
[White "Hedman Senarega, Jose Antonio"]
[Black "Ferrera, Benjamin"]
[Result "0-1"]
[WhiteElo "2270"]
[BlackElo "2310"]
[EventDate "1977.05.18"]
[PlyCount "66"]

1.e4 c5 2.Nf3 d6 3.d4 cxd4 4.Qxd4 a6 5.c4 Nc6 6.Qd2 g6 7.Nc3 Bg7 8.b3 Nf6 
9.Bb2 O-O 10.h3 Qa5 11.Bd3 Rb8 12.a3 Qh5 13.b4 b5 14.cxb5 axb5 15.Ne2 Ne5 
16.Bxe5 dxe5 17.g4 Bxg4 18.Ng3 Bxf3 19.Nxh5 Nxh5 20.O-O Nf4 21.Qe3 Bg2 22.
Rfb1 Bh6 23.Kh2 Rfd8 24.Rb3 Rd4 25.a4 bxa4 26.Rxa4 Kg7 27.Qg3 Bxh3 28.Ra7 
Be6 29.Rba3 Rdxb4 30.Bc2 R4b5 31.Rxe7 Ne2 32.Qh4 Nd4 33.Raa7 Nf3+ 0-1

[Event "14th Capablanca Memorial"]
[Site "Cienfuegos CUB"]
[Date "1977.05.28"]
[Round "9"]
[White "Ferrera, Benjamin"]
[Black "Lechtynsky, Jiri"]
[Result "1/2-1/2"]
[WhiteElo "2310"]
[BlackElo "2375"]
[EventDate "1977.05.18"]
[PlyCount "84"]

1.c4 Nf6 2.Nc3 g6 3.g3 Bg7 4.Bg2 O-O 5.d3 c5 6.e3 Nc6 7.Nge2 d6 8.O-O Bd7 
9.h3 a6 10.Rb1 Rb8 11.b3 b5 12.Bb2 Qc8 13.Kh2 bxc4 14.dxc4 Bf5 15.e4 Bd7 
16.Qd2 Ne8 17.f4 f5 18.Rbd1 Be6 19.Ba1 Kh8 20.exf5 gxf5 21.Nd5 Bxa1 22.
Rxa1 Nf6 23.Rfe1 Bxd5 24.cxd5 Na7 25.Nc3 Qd7 26.Re6 Rf7 27.Rae1 Nb5 28.Qe3
Nd4 29.Qd3 Rg7 30.R6e3 Rbg8 31.Ne2 Qb5 32.Qd2 Nxe2 33.R1xe2 Qb4 34.Qxb4 
cxb4 35.Rxe7 Rxg3 36.Rf7 R3g6 37.Bf3 Ne4 38.Bxe4 fxe4 39.Re7 Rc8 40.R7xe4 
Rc5 41.Rd2 a5 42.Re6 Kg7 1/2-1/2

[Event "14th Capablanca Memorial"]
[Site "Cienfuegos CUB"]
[Date "1977.05.28"]
[Round "9"]
[White "Dorfman, Iosif"]
[Black "Hedman Senarega, Jose Antonio"]
[Result "1-0"]
[WhiteElo "2445"]
[BlackElo "2270"]
[EventDate "1977.05.18"]
[PlyCount "89"]

1.Nf3 Nf6 2.c4 g6 3.g3 Bg7 4.Bg2 c6 5.O-O O-O 6.b3 d5 7.Bb2 Nbd7 8.cxd5 
cxd5 9.d4 b6 10.Nc3 Bb7 11.Nd2 Rc8 12.Rc1 Re8 13.e3 a6 14.f4 e6 15.b4 Qe7 
16.a3 Rc7 17.Nxd5 Nxd5 18.Rxc7 Nxe3 19.Qe2 Bxg2 20.Rfc1 Nd5 21.Qxg2 Nxc7 
22.Rxc7 Qd6 23.Rc6 Qb8 24.Nc4 Rc8 25.Nd6 Rxc6 26.Qxc6 Nf6 27.Nc8 h5 28.d5 
Nxd5 29.Qe8+ Kh7 30.Qxf7 Qc7 31.Qxc7 Nxc7 32.Bxg7 Kxg7 33.Nxb6 Kf6 34.Kf2 
Kf5 35.Nc4 Nb5 36.Kf3 g5 37.Ne3+ Kf6 38.Nc2 gxf4 39.Kxf4 e5+ 40.Ke4 Nc3+ 
41.Kd3 Nd1 42.Ne3 Nf2+ 43.Kc4 Ke6 44.Kc5 Nd3+ 45.Kb6 1-0

[Event "14th Capablanca Memorial"]
[Site "Cienfuegos CUB"]
[Date "1977.05.28"]
[Round "9"]
[White "Romanishin, Oleg"]
[Black "Rodriguez Cordoba, Jesus"]
[Result "1-0"]
[WhiteElo "2595"]
[BlackElo "2310"]
[EventDate "1977.05.18"]
[PlyCount "81"]

1.e4 c5 2.Nc3 g6 3.h4 Nc6 4.h5 Bg7 5.Nf3 d6 6.Bc4 Nh6 7.d3 Bg4 8.Be3 Nd4 
9.hxg6 hxg6 10.Nb5 Bxf3 11.gxf3 a6 12.Nxd4 cxd4 13.Bd2 e6 14.Ke2 Qe7 15.
Rh3 O-O-O 16.Qh1 g5 17.Qg2 f6 18.Rah1 Rdg8 19.Bb3 Nf7 20.Rxh8 Rxh8 21.
Rxh8+ Bxh8 22.f4 Bg7 23.fxg5 fxg5 24.f4 Bf6 25.Qg4 Kd7 26.f5 exf5 27.Qxf5+
Kc7 28.Qa5+ Kb8 29.Bb4 Nd8 30.Qd5 Kc7 31.Ba5+ b6 32.Qc4+ Nc6 33.Be1 Qh7 
34.Qf7+ Qxf7 35.Bxf7 Ne5 36.Be6 Kc6 37.Bf2 Kc5 38.c3 Nc6 39.Bd7 b5 40.Bxc6
Kxc6 41.Bxd4 1-0

[Event "14th Capablanca Memorial"]
[Site "Cienfuegos CUB"]
[Date "1977.05.28"]
[Round "9"]
[White "Menvielle Laccourreye, Augusto"]
[Black "Valdes Castillo, Arnaldo"]
[Result "0-1"]
[WhiteElo "2340"]
[BlackElo "2285"]
[EventDate "1977.05.18"]
[PlyCount "92"]

1.e4 c5 2.Nf3 a6 3.c3 e6 4.d4 b5 5.Bd3 Bb7 6.O-O d6 7.Qe2 Nd7 8.Bf4 Ngf6 
9.h3 h6 10.Nbd2 g5 11.Bh2 g4 12.hxg4 Nxg4 13.Bg3 h5 14.Nh2 Nxh2 15.Bxh2 h4
16.a4 c4 17.Bc2 h3 18.Bg3 hxg2 19.Kxg2 Nf6 20.Rh1 Rg8 21.axb5 axb5 22.b3 
Rxa1 23.Rxa1 Bh6 24.Re1 Qa5 25.b4 Qa2 26.Nb1 Bf4 27.Kf3 Bxg3 28.fxg3 Ng4 
29.Kg2 f5 30.Kg1 Rh8 31.Bd3 fxe4 32.Nd2 Qxd2 33.Qxd2 e3 34.Bg6+ Ke7 35.Qg2
Bxg2 36.Kxg2 Kf6 37.Be4 Rh2+ 38.Kg1 Rf2 39.Bc6 d5 40.Bxb5 Rc2 41.Ba4 Rxc3 
42.Rb1 Ra3 43.Bc2 e2 44.b5 Rxg3+ 45.Kh1 Nf2+ 46.Kh2 Nd1 0-1

[Event "14th Capablanca Memorial"]
[Site "Cienfuegos CUB"]
[Date "1977.05.28"]
[Round "9"]
[White "Farago, Ivan"]
[Black "Cobo Arteaga, Eldis"]
[Result "1-0"]
[WhiteElo "2500"]
[BlackElo "2390"]
[EventDate "1977.05.18"]
[PlyCount "57"]

1.c4 e6 2.Nc3 d5 3.d4 c5 4.cxd5 exd5 5.Nf3 Nc6 6.g3 Nf6 7.Bg2 Be7 8.O-O 
O-O 9.b3 Be6 10.Bb2 Re8 11.Rc1 Rc8 12.dxc5 Bxc5 13.Na4 Be7 14.Nc5 Ne4 15.
Nxe6 fxe6 16.Nd4 Bf6 17.Nxc6 bxc6 18.Bxe4 dxe4 19.Qc2 e3 20.fxe3 Bxb2 21.
Qxb2 Qg5 22.Qd4 e5 23.Qxa7 h5 24.Qf7+ Kh8 25.Rxc6 Rf8 26.Rxc8 Rxc8 27.Rf3 
Qg4 28.Rf5 g6 29.Rxe5 1-0

[Event "14th Capablanca Memorial"]
[Site "Cienfuegos CUB"]
[Date "1977.05.28"]
[Round "9"]
[White "Fernandez Gonzalez, Juan Carlos"]
[Black "Garcia Gonzales, Guillermo"]
[Result "0-1"]
[WhiteElo "2420"]
[BlackElo "2485"]
[EventDate "1977.05.18"]
[PlyCount "81"]

1.Nf3 Nf6 2.c4 c5 3.g3 d5 4.cxd5 Nxd5 5.Bg2 Nc6 6.Nc3 Nc7 7.O-O e5 8.d3 
Bd7 9.Bd2 Be7 10.a3 O-O 11.Rb1 Re8 12.Ne4 a5 13.Be3 b6 14.Nfd2 Nd5 15.Nc4 
Be6 16.Nc3 Rb8 17.Nxd5 Bxd5 18.a4 Bxg2 19.Kxg2 Qd5+ 20.f3 f5 21.Qb3 Kh8 
22.Bf2 Nb4 23.Rbd1 Bf8 24.e4 Qd7 25.Be1 Nc6 26.Bc3 fxe4 27.dxe4 Nd4 28.Ne3
Red8 29.Qc4 Qe8 30.Nd5 Rd6 31.Rf2 Qh5 32.Bxd4 exd4 33.Nf4 Qe8 34.Nd3 g5 
35.Re1 Bg7 36.b3 Re6 37.Qb5 Be5 38.Kh1 Rd8 39.Qc4 Bg7 40.Rfe2 Qc6 41.Kg1 
0-1

[Event "14th Capablanca Memorial"]
[Site "Cienfuegos CUB"]
[Date "1977.05.28"]
[Round "9"]
[White "Estevez Morales, Guillermo"]
[Black "Ermenkov, Evgeny"]
[Result "0-1"]
[WhiteElo "2360"]
[BlackElo "2445"]
[EventDate "1977.05.18"]
[PlyCount "76"]

1.e4 c5 2.Nf3 Nc6 3.d4 cxd4 4.Nxd4 Nf6 5.Nc3 d6 6.Bg5 e6 7.Qd2 a6 8.O-O-O 
Bd7 9.f4 b5 10.Nxc6 Bxc6 11.Bd3 Be7 12.Rhe1 O-O 13.e5 dxe5 14.fxe5 Nd7 15.
Bxe7 Qxe7 16.Qf4 Nc5 17.Ne4 Bxe4 18.Bxe4 Rac8 19.Rd6 a5 20.Kb1 Nxe4 21.
Rxe4 h6 22.Qd2 b4 23.Red4 Rc5 24.Rd8 Rxd8 25.Rxd8+ Kh7 26.a3 bxa3 27.Rd7 
Qe8 28.Qd3+ g6 29.Qxa3 Rxe5 30.Re7 Qf8 31.Qd6 Re1+ 32.Ka2 e5 33.Qf6 Rf1 
34.Qxe5 Qc8 35.Rc7 Qg4 36.Qe8 Kg7 37.Qe5+ Rf6 38.Rc6 Qa4+ 0-1

[Event "14th Capablanca Memorial"]
[Site "Cienfuegos CUB"]
[Date "1977.05.28"]
[Round "9"]
[White "Rodriguez Cespedes, Amador"]
[Black "Antoshin, Vladimir"]
[Result "1-0"]
[WhiteElo "2395"]
[BlackElo "2475"]
[EventDate "1977.05.18"]
[PlyCount "133"]

1.e4 e5 2.Nf3 Nc6 3.Bb5 a6 4.Ba4 Nf6 5.O-O Nxe4 6.d4 b5 7.Bb3 d5 8.dxe5 
Be6 9.c3 Bc5 10.Nbd2 O-O 11.Bc2 Nxd2 12.Qxd2 f6 13.exf6 Rxf6 14.Ng5 Bf5 
15.Bxf5 Rxf5 16.Ne6 Qd6 17.Nxc5 Qxc5 18.Qe2 d4 19.Qe6+ Kh8 20.Qd7 Rf7 21.
cxd4 Nxd4 22.Qh3 Qc2 23.Be3 Ne2+ 24.Kh1 Rd8 25.Rfe1 Nf4 26.Qh4 Ne6 27.Rac1
Qf5 28.Bc5 Kg8 29.f3 Rf6 30.Re4 Kf7 31.Be3 c5 32.Re1 Rd7 33.h3 h6 34.Bc1 
Rd4 35.Qg3 Rxe4 36.Rxe4 c4 37.Qb8 Kg6 38.Qg8 h5 39.Kh2 Rf7 40.Qe8 Nc7 41.
Qd8 Kh7 42.Be3 Nd5 43.Bd4 Nf6 44.Bxf6 Rxf6 45.Kh1 Rc6 46.Qd2 Rc5 47.a3 Rd5
48.Qe2 Qd7 49.f4 Kh6 50.Re6+ Kh7 51.Qe4+ Kg8 52.Re7 Qf5 53.Qe2 a5 54.a4 
bxa4 55.Qxc4 Kh7 56.Qxa4 Rd2 57.Re5 Qg6 58.Rg5 Qf7 59.Qe4+ Kh6 60.Rxa5 Rf2
61.Ra6+ g6 62.Kg1 Rxf4 63.Rxg6+ Qxg6 64.Qxf4+ Kh7 65.b4 Qb1+ 66.Kh2 Kg6 
67.Qb8 1-0

[Event "14th Capablanca Memorial"]
[Site "Cienfuegos CUB"]
[Date "1977.05.28"]
[Round "9"]
[White "Andersson, Ulf"]
[Black "Vilela de Acuna, Jose Luis"]
[Result "1-0"]
[WhiteElo "2565"]
[BlackElo "2405"]
[EventDate "1977.05.18"]
[PlyCount "81"]

1.g3 g6 2.Bg2 Bg7 3.Nf3 c5 4.O-O Nc6 5.c3 d5 6.d4 cxd4 7.cxd4 e6 8.Nc3 h6 
9.Rb1 Nge7 10.b4 Nf5 11.e3 Nd6 12.b5 Na5 13.Ne5 Nac4 14.Nxc4 Nxc4 15.e4 
dxe4 16.Nxe4 Nb6 17.Ba3 Bf8 18.Qd3 Be7 19.Bxe7 Qxe7 20.Qd2 Kf8 21.Qb2 Nd5 
22.Nc3 Nxc3 23.Qxc3 Qf6 24.Rfe1 Kg7 25.h4 h5 26.Re5 Rd8 27.Rbe1 a6 28.b6 
Rd6 29.R1e3 Rxb6 30.Qc7 Rb1+ 31.Kh2 Bd7 32.Qxd7 Rd8 33.Qc7 Qxf2 34.Rf3 
Qg1+ 35.Kh3 Rf8 36.Qc3 Rc1 37.Qb2 Kg8 38.d5 exd5 39.Rxd5 Rfc8 40.Qf6 Rf8 
41.Rd8 1-0

[Event "14th Capablanca Memorial"]
[Site "Cienfuegos CUB"]
[Date "1977.05.29"]
[Round "10"]
[White "Valdes Castillo, Arnaldo"]
[Black "Fernandez Gonzalez, Juan Carlos"]
[Result "0-1"]
[WhiteElo "2285"]
[BlackElo "2420"]
[EventDate "1977.05.18"]
[PlyCount "80"]

1.e4 c5 2.c3 d5 3.exd5 Qxd5 4.d4 e6 5.Nf3 Nf6 6.Be2 Be7 7.O-O O-O 8.c4 Qd8
9.dxc5 Bxc5 10.Nc3 Nc6 11.a3 b6 12.Bd3 Bb7 13.Qe2 Nd4 14.Nxd4 Qxd4 15.b4 
Be7 16.Bb2 Qh4 17.g3 Qh3 18.Ne4 Rad8 19.f3 Bxe4 20.Bxe4 Nxe4 21.fxe4 Qh6 
22.Rad1 Qg6 23.Be5 h5 24.Bc7 Rxd1 25.Rxd1 h4 26.Kg2 Qh6 27.Bf4 h3+ 28.Kg1 
Bg5 29.Qg4 Bxf4 30.gxf4 e5 31.f5 Qe3+ 32.Kf1 Qxa3 33.f6 g6 34.b5 Qc3 35.
Qe2 Rc8 36.Qd3 Qxc4 37.Qxc4 Rxc4 38.Rd8+ Kh7 39.Rd7 Rxe4 40.Rxf7+ Kh6 0-1

[Event "14th Capablanca Memorial"]
[Site "Cienfuegos CUB"]
[Date "1977.05.29"]
[Round "10"]
[White "Rodriguez Cordoba, Jesus"]
[Black "Farago, Ivan"]
[Result "0-1"]
[WhiteElo "2310"]
[BlackElo "2500"]
[EventDate "1977.05.18"]
[PlyCount "70"]

1.e4 c5 2.Nf3 e6 3.d4 cxd4 4.Nxd4 a6 5.Nc3 Qc7 6.Be2 Bb4 7.O-O Nf6 8.Qd3 
Nc6 9.Nxc6 bxc6 10.Bg5 d5 11.Bxf6 gxf6 12.f4 Bd6 13.Qg3 Bb7 14.Qg7 O-O-O 
15.Qxf6 Be7 16.Qh6 Qb6+ 17.Kh1 Qxb2 18.Qh3 Bb4 19.Na4 Qxc2 20.Bd1 Qxe4 21.
Qb3 a5 22.Bf3 Qd4 23.a3 Bd6 24.Rab1 Qa7 25.f5 Kc7 26.fxe6 fxe6 27.Bg4 Rhf8
28.Bxe6 Ba6 29.Rxf8 Rxf8 30.Qh3 Kd8 31.Bxd5 cxd5 32.Qe6 Qe7 33.Qxd5 Qe5 
34.Qa8+ Bc8 35.g3 Rf2 0-1

[Event "14th Capablanca Memorial"]
[Site "Cienfuegos CUB"]
[Date "1977.05.29"]
[Round "10"]
[White "Rodriguez Cespedes, Amador"]
[Black "Estevez Morales, Guillermo"]
[Result "1-0"]
[WhiteElo "2395"]
[BlackElo "2360"]
[EventDate "1977.05.18"]
[PlyCount "81"]

1.e4 c5 2.Nf3 e6 3.d4 cxd4 4.Nxd4 a6 5.Bd3 Nf6 6.O-O d6 7.c4 Be7 8.Nc3 O-O
9.Kh1 b6 10.f4 Qc7 11.Qe2 Nbd7 12.Bd2 Bb7 13.b4 Rfe8 14.Rae1 Rad8 15.Nf3 
Bf8 16.e5 Bxf3 17.Rxf3 Ng4 18.Rh3 f5 19.exf6 Ndxf6 20.Bxh7+ Nxh7 21.Qxg4 
Nf6 22.Qg6 Qxc4 23.g4 e5 24.g5 exf4 25.Rc1 Ne4 26.Qh7+ Kf7 27.Qf5+ Kg8 28.
Nd5 Nf2+ 29.Kg2 Qe4+ 30.Qxe4 Nxe4 31.Bxf4 Rc8 32.Nxb6 Rxc1 33.Bxc1 Re5 34.
Nd7 Re7 35.Nxf8 Kxf8 36.Rh8+ Kf7 37.Ra8 Rc7 38.Be3 Rc2+ 39.Kf3 Nc3 40.Rxa6
Nxa2 41.b5 1-0

[Event "14th Capablanca Memorial"]
[Site "Cienfuegos CUB"]
[Date "1977.05.29"]
[Round "10"]
[White "Lechtynsky, Jiri"]
[Black "Dorfman, Iosif"]
[Result "1/2-1/2"]
[WhiteElo "2375"]
[BlackElo "2445"]
[EventDate "1977.05.18"]
[PlyCount "20"]

1.c4 c6 2.Nf3 Nf6 3.d4 d5 4.cxd5 cxd5 5.Nc3 Nc6 6.Bf4 e6 7.e3 Bd6 8.Bxd6 
Qxd6 9.Bd3 O-O 10.O-O Bd7 1/2-1/2

[Event "14th Capablanca Memorial"]
[Site "Cienfuegos CUB"]
[Date "1977.05.29"]
[Round "10"]
[White "Hedman Senarega, Jose Antonio"]
[Black "Romanishin, Oleg"]
[Result "0-1"]
[WhiteElo "2270"]
[BlackElo "2595"]
[EventDate "1977.05.18"]
[PlyCount "46"]

1.e4 e6 2.d4 d5 3.e5 b6 4.c3 Qd7 5.Nf3 Ne7 6.Bd3 Ba6 7.Bxa6 Nxa6 8.Qd3 Nb8
9.Nbd2 Nbc6 10.O-O Ng6 11.Re1 f6 12.exf6 gxf6 13.Nf1 O-O-O 14.Qa6+ Kb8 15.
a4 e5 16.a5 e4 17.N3d2 Rg8 18.b4 Bxb4 19.axb6 cxb6 20.cxb4 Nxb4 21.Qa4 
Qxa4 22.Rxa4 Nd3 23.Rd1 Ngf4 0-1

[Event "14th Capablanca Memorial"]
[Site "Cienfuegos CUB"]
[Date "1977.05.29"]
[Round "10"]
[White "Garcia Gonzales, Guillermo"]
[Black "Andersson, Ulf"]
[Result "1/2-1/2"]
[WhiteElo "2485"]
[BlackElo "2565"]
[EventDate "1977.05.18"]
[PlyCount "89"]

1.Nf3 Nf6 2.c4 e6 3.g3 b6 4.Bg2 Bb7 5.O-O Be7 6.b3 O-O 7.Bb2 c5 8.Nc3 Nc6 
9.d4 Nxd4 10.Nxd4 Bxg2 11.Kxg2 cxd4 12.Qxd4 Qb8 13.e4 d6 14.Rad1 Rd8 15.f3
Bf8 16.Rd2 Nd7 17.Nb5 Nc5 18.Qe3 a6 19.Nd4 Rc8 20.a4 e5 21.Nf5 b5 22.Rfd1 
bxc4 23.bxc4 Qb3 24.Qg5 Kh8 25.Ba1 Ne6 26.Qe3 Qxe3 27.Nxe3 Nc5 28.Nf5 Nb3 
29.Nxd6 Rc7 30.Rd5 Nxa1 31.Rxa1 Bxd6 32.Rxd6 Rxc4 33.Rad1 g6 34.a5 Kg7 35.
g4 Rb8 36.R1d5 Rb2+ 37.Kg3 Rb3 38.g5 Rxe4 39.Rf6 Rf4 40.Rxf4 exf4+ 41.Kxf4
Ra3 42.Ke4 h6 43.f4 hxg5 44.fxg5 Ra2 45.h3 1/2-1/2

[Event "14th Capablanca Memorial"]
[Site "Cienfuegos CUB"]
[Date "1977.05.29"]
[Round "10"]
[White "Cobo Arteaga, Eldis"]
[Black "Menvielle Laccourreye, Augusto"]
[Result "1-0"]
[WhiteElo "2390"]
[BlackElo "2340"]
[EventDate "1977.05.18"]
[PlyCount "69"]

1.f4 g6 2.Nf3 Bg7 3.g3 c5 4.Bg2 Nc6 5.O-O Nf6 6.d3 d5 7.Nc3 d4 8.Na4 Qd6 
9.c4 O-O 10.e4 dxe3 11.Bxe3 b6 12.Ne5 Bb7 13.Qe2 Rad8 14.Rad1 Nd4 15.Bxd4 
Qxd4+ 16.Qf2 Bxg2 17.Qxd4 Rxd4 18.Kxg2 Nd5 19.Rfe1 b5 20.Nc6 bxa4 21.cxd5 
Rb4 22.Nxb4 cxb4 23.b3 Rc8 24.Rc1 Bc3 25.Rxe7 axb3 26.axb3 Ra8 27.d6 Kf8 
28.Rc7 Rd8 29.Rxa7 Rxd6 30.Rd1 Re6 31.d4 Re2+ 32.Kh1 Re3 33.d5 Bf6 34.d6 
Bd8 35.d7 1-0

[Event "14th Capablanca Memorial"]
[Site "Cienfuegos CUB"]
[Date "1977.05.29"]
[Round "10"]
[White "Antoshin, Vladimir"]
[Black "Vilela de Acuna, Jose Luis"]
[Result "0-1"]
[WhiteElo "2475"]
[BlackElo "2405"]
[EventDate "1977.05.18"]
[PlyCount "60"]

1.d4 Nf6 2.Nf3 e6 3.c4 b6 4.Nc3 Bb7 5.a3 d5 6.cxd5 exd5 7.Bg5 Be7 8.Rc1 
Nbd7 9.e3 O-O 10.Bd3 c5 11.O-O a6 12.dxc5 bxc5 13.Bf5 Nb6 14.Qb3 d4 15.
exd4 cxd4 16.Ne2 Bd5 17.Qd3 g6 18.Nfxd4 Na4 19.b3 Nb6 20.a4 Re8 21.Bh3 Nh5
22.Bxe7 Qxe7 23.Bg4 Be4 24.Qh3 Nf6 25.Bf3 Nbd5 26.Nc3 Nxc3 27.Rxc3 Nd5 28.
Rcc1 Qf6 29.Rcd1 Nf4 30.Bxe4 Nxh3+ 0-1

[Event "14th Capablanca Memorial"]
[Site "Cienfuegos CUB"]
[Date "1977.05.29"]
[Round "10"]
[White "Ermenkov, Evgeny"]
[Black "Ferrera, Benjamin"]
[Result "1/2-1/2"]
[WhiteElo "2445"]
[BlackElo "2310"]
[EventDate "1977.05.18"]
[PlyCount "63"]

1.e4 c5 2.Nf3 Nc6 3.Bb5 g6 4.O-O Bg7 5.c3 Nf6 6.Re1 O-O 7.d4 cxd4 8.cxd4 
d5 9.e5 Ne4 10.Nc3 Bg4 11.Nxe4 dxe4 12.Bxc6 Bxf3 13.gxf3 bxc6 14.fxe4 c5 
15.Be3 Qb8 16.Qb3 Qc8 17.f3 Qh3 18.Rf1 Rfd8 19.Rad1 Rab8 20.dxc5 Bxe5 21.
Rxd8+ Rxd8 22.Rf2 h6 23.c6 Bxh2+ 24.Rxh2 Qg3+ 25.Kh1 Qxf3+ 26.Rg2 Qh5+ 27.
Kg1 Rd1+ 28.Kf2 Qh4+ 29.Ke2 Qh5+ 30.Kf2 Qh4+ 31.Ke2 Qh5+ 32.Kf2 1/2-1/2

[Event "14th Capablanca Memorial"]
[Site "Cienfuegos CUB"]
[Date "1977.05.30"]
[Round "11"]
[White "Vilela de Acuna, Jose Luis"]
[Black "Garcia Gonzales, Guillermo"]
[Result "0-1"]
[WhiteElo "2405"]
[BlackElo "2485"]
[EventDate "1977.05.18"]
[PlyCount "94"]

1.c4 e5 2.Nc3 f5 3.g3 Nf6 4.Bg2 d6 5.e3 c6 6.d4 Be7 7.Nge2 a5 8.b3 O-O 9.
O-O Na6 10.Bb2 e4 11.Qd2 d5 12.cxd5 cxd5 13.a3 Rb8 14.Rfc1 b5 15.Bf1 g5 
16.Rc2 Bd7 17.Na2 b4 18.Nec1 Qb6 19.axb4 axb4 20.Bxa6 Qxa6 21.Nxb4 Qd6 22.
Na6 Ra8 23.Nc5 Rxa1 24.Bxa1 Bc8 25.Ne2 Nh5 26.Qc1 Qd8 27.Nc3 f4 28.Nb5 Bh3
29.Nc3 Qd6 30.Ne2 fxe3 31.Qxe3 Rf3 32.Qc1 e3 33.Nc3 exf2+ 34.Rxf2 Rxf2 35.
Kxf2 Qf6+ 36.Ke1 Qxd4 37.N3a4 Qg1+ 38.Kd2 Qxh2+ 39.Kc3 Qxg3+ 40.Kb4 Qf4+ 
41.Qxf4 Nxf4 42.Kb5 g4 43.Be5 Bg5 44.Kc6 g3 45.Nb6 g2 46.Bd4 Ne2 47.Bf2 
Bh4 0-1

[Event "14th Capablanca Memorial"]
[Site "Cienfuegos CUB"]
[Date "1977.05.30"]
[Round "11"]
[White "Ferrera, Benjamin"]
[Black "Rodriguez Cespedes, Amador"]
[Result "0-1"]
[WhiteElo "2310"]
[BlackElo "2395"]
[EventDate "1977.05.18"]
[PlyCount "42"]

1.Nf3 c5 2.b3 d6 3.e3 Nf6 4.Bb2 e5 5.d4 cxd4 6.exd4 e4 7.Nfd2 d5 8.Be2 Nc6
9.O-O Bd6 10.c4 O-O 11.a3 Re8 12.cxd5 Nxd5 13.Nc4 Bc7 14.Nc3 Nf4 15.d5 Ne5
16.Nb5 Qg5 17.g3 Nxe2+ 18.Qxe2 Nf3+ 19.Qxf3 exf3 20.Nxc7 Re2 21.Bd4 Qg4 
0-1

[Event "14th Capablanca Memorial"]
[Site "Cienfuegos CUB"]
[Date "1977.05.30"]
[Round "11"]
[White "Romanishin, Oleg"]
[Black "Lechtynsky, Jiri"]
[Result "1-0"]
[WhiteElo "2595"]
[BlackElo "2375"]
[EventDate "1977.05.18"]
[PlyCount "69"]

1.d4 Nf6 2.c4 e6 3.Nc3 Bb4 4.g3 c5 5.Nf3 Ne4 6.Qd3 Qa5 7.Qxe4 Bxc3+ 8.Bd2 
Bxd2+ 9.Nxd2 Nc6 10.d5 Nd4 11.Kd1 d6 12.e3 Nf5 13.Bd3 Ne7 14.dxe6 Bxe6 15.
Qxb7 Qd8 16.b3 O-O 17.Ke2 d5 18.Rhd1 a6 19.Ke1 Re8 20.b4 cxb4 21.Qxb4 Nc6 
22.Qa4 Ne5 23.Be2 d4 24.Nf3 Bd7 25.Qa3 dxe3 26.Nxe5 exf2+ 27.Kxf2 Rxe5 28.
Qd6 Qg5 29.Bf3 Rd8 30.Rd3 Ree8 31.Rad1 Qa5 32.a3 h6 33.Qb4 Qc7 34.Qd2 Qc5+
35.Kg2 1-0